[Event "Titled Tuesday intern op 11th Feb Early"]
[Site "Chess.com INT"]
[Date "2025.02.11"]
[Round "3"]
[White "Haddouche, Mohamed Amine"]
[Black "Moussard, Jules"]
[Result "0-1"]
[WhiteElo "2490"]
[BlackElo "2595"]
[PlyCount "126"]
[EventDate "2025.02.11"]
[EventType "swiss (blitz)"]
[EventRounds "11"]
[EventCountry "USA"]
[SourceTitle "CB09_2025"]
[SourceDate "2025.02.27"]
[SourceVersion "1"]
[SourceVersionDate "2025.02.27"]
[SourceQuality "1"]

1. e4 c5 2. Nf3 d6 3. d4 cxd4 4. Nxd4 Nf6 5. Nc3 a6 6. Be2 e5 7. Nb3 Be7 8. 0-0 0-0 9. Kh1 Re8 10. a4 Nc6 11. f4 exf4 12. Bxf4 Be6 13. Qe1 Nd7 14. Rd1 Nce5 15. Nd4 Rc8 16. Qg3 Bh4 17. Qe3 Qb6 18. Nxe6 Qxe3 19. Bxe3 Rxe6 20. Rd4 Bd8 21. Rb4 Ba5 22. Rxb7 Bxc3 23. bxc3 h6 24. Bd4 Nc5 25. Ra7 Nxe4 26. Bxa6 Rb8 27. Bb5 Nc5 28. h3 h5 29. Bxe5 dxe5 30. Rfxf7 Rg6 31. Be2 h4 32. Bg4 Ne4 33. Rab7 Ng3+ 34. Kh2 Rd8 35. Rfd7 Rf8 36. Rd1 Rf2 37. a5 Rxc2 38. Ra1 Ra6 39. Rb6 Rxa5 40. Rb8+ Kh7 41. Bf5+ g6 42. Rb7+ Kh6 43. Bxc2 Rxa1 44. Rb1 Ra2 45. Rc1 e4 46. c4 e3 47. Bd3 Rd2 48. Bf1 e2 49. Bxe2 Rxe2 50. c5 Re7 51. c6 Rc7 52. Rc4 g5 53. Kg1 Kg6 54. Kf2 Nf5 55. Kf3 Ne7 56. Re4 Nxc6 57. Re6+ Kf5 58. Rd6 Ne5+ 59. Ke2 Rc2+ 60. Rd2 Rxd2+ 61. Kxd2 Kf4 62. Ke2 Kg3 63. Kf1 Nc4 0-1

[Event "Titled Tuesday intern op 11th Feb Early"]
[Site "Chess.com INT"]
[Date "2025.02.11"]
[Round "6"]
[White "Haddouche, Mohamed Amine"]
[Black "Punin, Andrii"]
[Result "1-0"]
[WhiteElo "2490"]
[BlackElo "2289"]
[PlyCount "111"]
[EventDate "2025.02.11"]
[EventType "swiss (blitz)"]
[EventRounds "11"]
[EventCountry "USA"]
[SourceTitle "CB09_2025"]
[SourceDate "2025.02.27"]
[SourceVersion "1"]
[SourceVersionDate "2025.02.27"]
[SourceQuality "1"]

1. e4 e6 2. d3 c5 3. Nf3 g6 4. d4 Bg7 5. dxc5 Qa5+ 6. c3 Qxc5 7. Be3 Qc7 8. Na3 Bxc3+ 9. bxc3 Qxc3+ 10. Nd2 Qxa3 11. Nc4 Qc3+ 12. Bd2 Qd4 13. Bb4 Qxd1+ 14. Rxd1 Nc6 15. Nd6+ Kf8 16. Bc3 f6 17. f4 h5 18. Bc4 Rh7 19. Ke2 a6 20. a4 b5 21. axb5 axb5 22. Bxb5 Ba6 23. Bxa6 Rxa6 24. Ra1 Rxa1 25. Rxa1 Ke7 26. e5 fxe5 27. fxe5 Kf8 28. Ra8+ Kg7 29. Ne8+ Kh6 30. Bd2+ g5 31. Nd6 Nxe5 32. Rxg8 Rg7 33. Rxg7 Kxg7 34. Bc3 Kf6 35. Nc4 d6 36. Nxe5 dxe5 37. Kf3 Kf5 38. h3 e4+ 39. Ke3 h4 40. Be1 g4 41. Bxh4 gxh3 42. gxh3 e5 43. Bg3 Kg5 44. Kxe4 Kh5 45. Kxe5 Kg5 46. h4+ Kh5 47. Kf5 Kh6 48. Kg4 Kg6 49. h5+ Kh6 50. Bf4+ Kh7 51. Kg5 Kg7 52. h6+ Kh7 53. Kh5 Kh8 54. Kg6 Kg8 55. h7+ Kh8 56. Be5# 1-0

[Event "Titled Tuesday intern op 11th Feb Early"]
[Site "Chess.com INT"]
[Date "2025.02.11"]
[Round "5"]
[White "Hnydiuk, Aleksander"]
[Black "Haddouche, Mohamed Amine"]
[Result "0-1"]
[WhiteElo "2328"]
[BlackElo "2490"]
[PlyCount "50"]
[EventDate "2025.02.11"]
[EventType "swiss (blitz)"]
[EventRounds "11"]
[EventCountry "USA"]
[SourceTitle "CB09_2025"]
[SourceDate "2025.02.27"]
[SourceVersion "1"]
[SourceVersionDate "2025.02.27"]
[SourceQuality "1"]

1. d4 Nf6 2. Nf3 g6 3. c4 Bg7 4. Nc3 d6 5. e4 0-0 6. Be2 Nbd7 7. 0-0 e5 8. Be3 Qe7 9. Re1 c6 10. Bf1 h6 11. h3 Re8 12. Qd2 Kh7 13. Rad1 a6 14. g3 b5 15. c5 exd4 16. Nxd4 Nxc5 17. Nxc6 Qc7 18. Bxc5 dxc5 19. Bg2 Bb7 20. e5 Bxc6 21. exf6 Bxf6 22. Bxc6 Qxc6 23. Qf4 Kg7 24. Nd5 Rxe1+ 25. Rxe1 Qxd5 0-1

[Event "Titled Tuesday intern op 11th Feb Early"]
[Site "Chess.com INT"]
[Date "2025.02.11"]
[Round "7"]
[White "Valle Luis, Leo"]
[Black "Haddouche, Mohamed Amine"]
[Result "1-0"]
[WhiteElo "2250"]
[BlackElo "2490"]
[PlyCount "83"]
[EventDate "2025.02.11"]
[EventType "swiss (blitz)"]
[EventRounds "11"]
[EventCountry "USA"]
[SourceTitle "CB09_2025"]
[SourceDate "2025.02.27"]
[SourceVersion "1"]
[SourceVersionDate "2025.02.27"]
[SourceQuality "1"]

1. e4 e5 2. Nf3 d6 3. d4 exd4 4. Nxd4 Nf6 5. Nc3 Be7 6. Bf4 0-0 7. Qd2 d5 8. e5 Nh5 9. Nf3 Nxf4 10. Qxf4 c6 11. 0-0-0 f6 12. Kb1 fxe5 13. Qxe5 Bf6 14. Qe3 Qb6 15. Qd2 Nd7 16. h4 Nc5 17. Ng5 Bf5 18. Bd3 Nxd3 19. cxd3 Rae8 20. Ka1 Bxc3 21. bxc3 h6 22. Nf3 Bg4 23. Rb1 Qc7 24. Nd4 c5 25. Nb5 Qd7 26. f3 Bf5 27. Rb2 a6 28. Na3 b5 29. Nc2 Re7 30. Ne3 Rfe8 31. Nxf5 Qxf5 32. Rhb1 Qf6 33. Qc2 Re2 34. Qb3 Rxb2 35. Rxb2 Qd6 36. Rb1 Kh8 37. Qc2 Re3 38. a3 Qe5 39. Rd1 Re2 40. Rd2 Re3 41. Kb2 Kh7 42. d4+ 1-0

[Event "Titled Tuesday intern op 04th Feb Early"]
[Site "Chess.com INT"]
[Date "2025.02.04"]
[Round "6"]
[White "Haddouche, Mohamed Amine"]
[Black "Bjerre, Jonas Buhl"]
[Result "0-1"]
[WhiteElo "2490"]
[BlackElo "2640"]
[PlyCount "124"]
[EventDate "2025.02.04"]
[EventType "swiss (blitz)"]
[EventRounds "11"]
[EventCountry "USA"]
[SourceTitle "CB07_2025"]
[SourceDate "2025.02.12"]
[SourceVersion "1"]
[SourceVersionDate "2025.02.12"]
[SourceQuality "1"]

1. e4 c5 2. Nf3 g6 3. c3 d5 4. e5 Bg4 5. Bb5+ Nd7 6. d4 cxd4 7. cxd4 e6 8. 0-0 a6 9. Bd3 Bxf3 10. Qxf3 Ne7 11. Nd2 Bg7 12. Qe2 0-0 13. Nf3 Nc6 14. Rd1 Rc8 15. Bf4 f6 16. exf6 Qxf6 17. Bg5 Qf7 18. Be3 Rce8 19. Qd2 Qe7 20. Rac1 Rxf3 21. gxf3 Bxd4 22. Bf1 Nde5 23. Bg2 Nc4 24. Qe2 Qf6 25. b3 Nxe3 26. fxe3 Ba7 27. Kh1 Qe5 28. Rd3 Rf8 29. Re1 g5 30. Qd2 Bb8 31. f4 Qf6 32. Rf1 gxf4 33. exf4 Bxf4 34. Qe2 Qh6 35. Rh3 Qg7 36. Rh4 Bg5 37. Rg4 Rxf1+ 38. Qxf1 Ne5 39. Rg3 Qh6 40. Qe2 Nf7 41. Qg4 Kh8 42. Rh3 Qf6 43. Qf3 Qxf3 44. Bxf3 Kg7 45. Rg3 Kf6 46. Rg1 Ne5 47. Be2 Be3 48. Rf1+ Ke7 49. Kg2 d4 50. Rd1 Kd6 51. Bd3 Nxd3 52. Rxd3 e5 53. Rd1 e4 54. h4 Ke5 55. h5 d3 56. Re1 Kd4 57. Rd1 Bg5 58. Kg3 h6 59. Kg4 e3 60. Kf3 e2 61. Rh1 Kc3 62. Ke4 Kd2 0-1

[Event "Titled Tuesday intern op 04th Feb Late"]
[Site "Chess.com INT"]
[Date "2025.02.04"]
[Round "7"]
[White "Haddouche, Mohamed Amine"]
[Black "Meskovs, Nikita"]
[Result "0-1"]
[WhiteElo "2490"]
[BlackElo "2531"]
[PlyCount "110"]
[EventDate "2025.02.04"]
[EventType "swiss (blitz)"]
[EventRounds "11"]
[EventCountry "USA"]
[SourceTitle "CB07_2025"]
[SourceDate "2025.02.12"]
[SourceVersion "1"]
[SourceVersionDate "2025.02.12"]
[SourceQuality "1"]

1. e4 Nf6 2. e5 Nd5 3. d4 d6 4. Nf3 dxe5 5. Nxe5 e6 6. Be2 Nd7 7. Nf3 Be7 8. 0-0 0-0 9. c4 N5f6 10. Nc3 c6 11. Bf4 Nh5 12. Be3 Nhf6 13. Bf4 Nh5 14. Be3 Re8 15. Ne5 Nhf6 16. f4 Nf8 17. Bf3 Ng6 18. Kh1 Qc7 19. Rc1 Bd7 20. Qe2 Rad8 21. g3 a6 22. Rfd1 c5 23. Qf2 cxd4 24. Bxd4 Bc8 25. Bb6 Rxd1+ 26. Rxd1 Qb8 27. Bd4 Bd6 28. Nxg6 hxg6 29. Ba7 Qc7 30. Qb6 Qxb6 31. Bxb6 Be7 32. c5 Nd7 33. c6 Nxb6 34. cxb7 Bd7 35. a4 Nd5 36. Nxd5 exd5 37. Bxd5 Rb8 38. Bxf7+ Kxf7 39. Rxd7 Ke6 40. Rc7 Kd6 41. Rc2 Rxb7 42. Kg2 Bf6 43. Kf3 Bxb2 44. Kg4 Bf6 45. h4 Rb4 46. a5 Rb5 47. Rd2+ Ke7 48. Re2+ Kf7 49. Rc2 Rxa5 50. Rc7+ Kg8 51. Ra7 Kh7 52. Ra8 Ra3 53. Ra7 Bd4 54. h5 gxh5+ 55. Kxh5 Bxa7 0-1

[Event "Titled Tuesday intern op 28th Jan Early"]
[Site "Chess.com INT"]
[Date "2025.01.28"]
[Round "3"]
[White "Haddouche, Mohamed Amine"]
[Black "Oparin, Grigoriy"]
[Result "0-1"]
[WhiteElo "2490"]
[BlackElo "2660"]
[PlyCount "126"]
[EventDate "2025.01.28"]
[EventType "swiss (blitz)"]
[EventRounds "11"]
[EventCountry "USA"]
[SourceTitle "CB06_2025"]
[SourceDate "2025.02.05"]
[SourceVersion "1"]
[SourceVersionDate "2025.02.05"]
[SourceQuality "1"]

1. e4 c5 2. Nf3 Nc6 3. Bb5 e5 4. 0-0 Bd6 5. c3 a6 6. Bc4 Nf6 7. Re1 b5 8. Bd5 0-0 9. d4 cxd4 10. cxd4 Nxd5 11. exd5 Nxd4 12. Nxd4 exd4 13. Qxd4 Be7 14. Bf4 Bf6 15. Qb4 Bb7 16. Nc3 Bxc3 17. Qxc3 Bxd5 18. Rad1 Be6 19. Be5 Rc8 20. Qg3 f6 21. Bc3 Qe7 22. a3 Qf7 23. Rd6 Rc6 24. Red1 Rfc8 25. h3 h5 26. Re1 Rxd6 27. Qxd6 Rc6 28. Qb8+ Kh7 29. Re3 Rc4 30. Qd6 Rc6 31. Qd4 Bf5 32. Bb4 Re6 33. Rxe6 dxe6 34. Qd6 Qb7 35. Qe7 Qd5 36. Qc7 e5 37. Bf8 Bd7 38. Qd6 Qxd6 39. Bxd6 h4 40. f3 Kg6 41. Kf2 Kf5 42. Bf8 g6 43. Be7 Ke6 44. Bd8 Bc6 45. Ke3 Kf5 46. Be7 g5 47. Bd8 e4 48. fxe4+ Bxe4 49. Kf2 Bd5 50. Be7 Ke6 51. Bd8 Kf7 52. Kf1 Kg6 53. Kf2 f5 54. Be7 Kh5 55. Bd8 g4 56. hxg4+ fxg4 57. Kg1 g3 58. Be7 Kg4 59. Bd8 Bxg2 60. Kxg2 h3+ 61. Kg1 Kf3 62. Bb6 Ke2 63. Kh1 Kf1 0-1

[Event "Titled Tuesday intern op 28th Jan Early"]
[Site "Chess.com INT"]
[Date "2025.01.28"]
[Round "5"]
[White "Haddouche, Mohamed Amine"]
[Black "Paravyan, David"]
[Result "0-1"]
[WhiteElo "2490"]
[BlackElo "2621"]
[PlyCount "72"]
[EventDate "2025.01.28"]
[EventType "swiss (blitz)"]
[EventRounds "11"]
[EventCountry "USA"]
[SourceTitle "CB06_2025"]
[SourceDate "2025.02.05"]
[SourceVersion "1"]
[SourceVersionDate "2025.02.05"]
[SourceQuality "1"]

1. e4 e5 2. Nf3 Nf6 3. Nxe5 d6 4. Nf3 Nxe4 5. d4 d5 6. Bd3 Bd6 7. 0-0 0-0 8. Re1 Re8 9. c4 c6 10. Nc3 Nxc3 11. Rxe8+ Qxe8 12. bxc3 dxc4 13. Bxc4 Be6 14. Qe2 Nd7 15. Be3 Bxc4 16. Qxc4 Qe6 17. Qxe6 fxe6 18. c4 b5 19. cxb5 cxb5 20. Rc1 a5 21. Rc6 Bf8 22. Rxe6 b4 23. Ne5 Nxe5 24. dxe5 a4 25. g3 b3 26. axb3 a3 27. Bd4 Rd8 28. Bc3 Rd3 29. Rc6 a2 30. Bb2 Rxb3 31. Bd4 Rd3 32. Kg2 Rxd4 33. Ra6 Rd2 34. e6 g6 35. Ra7 Rxf2+ 36. Kh3 Re2 0-1

[Event "Titled Tuesday intern op 21st Jan Late"]
[Site "Chess.com INT"]
[Date "2025.01.21"]
[Round "9"]
[White "Gagic, Milan A"]
[Black "Haddouche, Mohamed Amine"]
[Result "0-1"]
[WhiteElo "2309"]
[BlackElo "2490"]
[PlyCount "50"]
[EventDate "2025.01.21"]
[EventType "swiss (blitz)"]
[EventRounds "11"]
[EventCountry "USA"]
[SourceTitle "CB05_2025"]
[SourceDate "2025.01.29"]
[SourceVersion "1"]
[SourceVersionDate "2025.01.29"]
[SourceQuality "1"]

1. e4 e5 2. Nf3 Nc6 3. Bb5 a6 4. Ba4 Nge7 5. Nc3 Ng6 6. h4 d6 7. h5 Nf4 8. d4 Nxg2+ 9. Kf1 Nf4 10. dxe5 Ne6 11. exd6 Bxd6 12. h6 g6 13. e5 Be7 14. Be3 0-0 15. Bb3 Nc5 16. Qxd8 Rxd8 17. Nd5 Nxb3 18. Nxe7+ Nxe7 19. axb3 Bf5 20. Bg5 Re8 21. Kg2 Nc6 22. c3 Be4 23. Bf4 Nxe5 24. Bxe5 Rxe5 25. Rhe1 Rg5+ 0-1

[Event "Titled Tuesday intern op 21st Jan Late"]
[Site "Chess.com INT"]
[Date "2025.01.21"]
[Round "11"]
[White "Haddouche, Mohamed Amine"]
[Black "Drozdowski, Kacper"]
[Result "0-1"]
[WhiteElo "2490"]
[BlackElo "2450"]
[PlyCount "90"]
[EventDate "2025.01.21"]
[EventType "swiss (blitz)"]
[EventRounds "11"]
[EventCountry "USA"]
[SourceTitle "CB05_2025"]
[SourceDate "2025.01.29"]
[SourceVersion "1"]
[SourceVersionDate "2025.01.29"]
[SourceQuality "1"]

1. e4 c5 2. Nf3 e6 3. Nc3 a6 4. g3 b5 5. Bg2 Bb7 6. d4 b4 7. Na4 cxd4 8. Nxd4 Nc6 9. Nb3 d6 10. Be3 Nf6 11. Qe2 Be7 12. f4 Nd7 13. c4 bxc3 14. Nxc3 0-0 15. 0-0 a5 16. Rfd1 a4 17. Nd4 Qa5 18. Rac1 Nxd4 19. Bxd4 Rfc8 20. a3 Bf8 21. Qb5 Qxb5 22. Nxb5 Rab8 23. Ba7 Ra8 24. Be3 Nc5 25. Nxd6 Bxd6 26. Rxd6 Nxe4 27. Rd7 Rxc1+ 28. Bxc1 Bd5 29. Be3 h5 30. Rc7 Nf6 31. Bf1 Bb3 32. Bd4 Nd5 33. Rc5 Rd8 34. Bg2 Nxf4 35. Bc3 Ne2+ 36. Kf2 Nxc3 37. bxc3 Rd2+ 38. Kg1 g6 39. Rc8+ Kg7 40. c4 Ra2 41. c5 Rxa3 42. c6 Ra1+ 43. Kf2 Rc1 44. Ke3 a3 45. Ra8 a2 0-1

[Event "Titled Tuesday intern op 14th Jan Early"]
[Site "Chess.com INT"]
[Date "2025.01.14"]
[Round "1"]
[White "Arias, Lemnys A"]
[Black "Haddouche, Mohamed Amine"]
[Result "0-1"]
[WhiteElo "2216"]
[BlackElo "2490"]
[PlyCount "126"]
[EventDate "2025.01.14"]
[EventType "swiss (blitz)"]
[EventRounds "11"]
[EventCountry "USA"]
[SourceTitle "CB04_2025"]
[SourceDate "2025.01.22"]
[SourceVersion "1"]
[SourceVersionDate "2025.01.22"]
[SourceQuality "1"]

1. e4 e5 2. Nf3 Nc6 3. Bb5 a6 4. Bxc6 dxc6 5. Nc3 Qf6 6. h3 Ne7 7. d4 exd4 8. Qxd4 Qxd4 9. Nxd4 Bd7 10. Be3 0-0-0 11. 0-0-0 Ng6 12. f4 Bb4 13. Nde2 Rhe8 14. a3 Bf8 15. g4 f6 16. Ng3 Nh4 17. Rhf1 g6 18. Rd2 Bd6 19. Nce2 c5 20. Rf2 Bc6 21. Nc3 Re6 22. Nd5 Rde8 23. c4 b5 24. b3 Kb7 25. Rd3 Rf8 26. Bd2 Ree8 27. Bc3 f5 28. e5 Be7 29. Nxe7 Rxe7 30. g5 Kb6 31. Nf1 h6 32. gxh6 Rh8 33. Ne3 Rxh6 34. Nd5+ Bxd5 35. cxd5 Re8 36. d6 cxd6 37. Rxd6+ Kb7 38. Rfd2 Rh7 39. Rd7+ Rxd7 40. Rxd7+ Kc6 41. Rd6+ Kb7 42. Rf6 c4 43. bxc4 bxc4 44. Bb4 Ng2 45. e6 Nxf4 46. Kc2 Rxe6 47. Rf7+ Kc6 48. h4 Nd5 49. Bf8 f4 50. Bh6 Kc5 51. Bxf4 Re4 52. Bg5 Rg4 53. Rf2 c3 54. Kb3 Rg3 55. Rc2 Rd3 56. Bh6 a5 57. a4 Rg3 58. Bg7 Rf3 59. Bxc3 Kd6 60. Rc1 Rh3 61. Kc4 Rxh4+ 62. Kb5 Rh5 63. Rd1 Ke6 0-1

[Event "Titled Tuesday intern op 14th Jan Early"]
[Site "Chess.com INT"]
[Date "2025.01.14"]
[Round "3"]
[White "Erigaisi, Arjun Kumar"]
[Black "Haddouche, Mohamed Amine"]
[Result "1-0"]
[WhiteElo "2801"]
[BlackElo "2490"]
[PlyCount "81"]
[EventDate "2025.01.14"]
[EventType "swiss (blitz)"]
[EventRounds "11"]
[EventCountry "USA"]
[SourceTitle "CB04_2025"]
[SourceDate "2025.01.22"]
[SourceVersion "1"]
[SourceVersionDate "2025.01.22"]
[SourceQuality "1"]

1. e4 e5 2. Nf3 Nc6 3. Bc4 Nf6 4. d3 Bc5 5. c3 0-0 6. 0-0 d5 7. exd5 Nxd5 8. b4 Be7 9. a4 Bg4 10. Re1 Bf6 11. Ra3 a6 12. a5 Re8 13. Nbd2 h6 14. Ne4 Be7 15. h3 Be6 16. Bd2 Qd7 17. Qb3 Bf8 18. Raa1 Kh8 19. b5 axb5 20. Qxb5 f5 21. Ng3 Bg8 22. Nxf5 Qxf5 23. Bxd5 Bxd5 24. Qxd5 Rad8 25. Qe4 Qxe4 26. dxe4 Ra8 27. c4 Bb4 28. Bxb4 Nxb4 29. Red1 Nc6 30. Rd7 Rec8 31. Rd5 Re8 32. Rb1 Ra7 33. Rc5 Re6 34. Rbb5 Kh7 35. Nxe5 Nd4 36. Rb2 b6 37. axb6 cxb6 38. Rd5 Nc6 39. Nxc6 Rxc6 40. Rd4 Rac7 41. f3 1-0